{"text_format":"3","workbook":"xlsx","n_sheets":2,"sheets":["By Month","Planner 2024 - 2025 (Edited)"],"not_rendered":{"defined_names":4},"read":"whole","date_system":"1900"}

{"sheet":"By Month","index":0,"n_rows":64,"n_cols":38,"rows_kept":64,"merged":[[0,1,5,1],[0,2,5,2],[0,3,5,3],[0,4,5,4],[0,5,5,5],[0,6,5,6],[0,7,5,7],[0,25,5,25],[0,26,5,26],[0,27,5,27],[0,28,5,28],[0,29,5,29],[0,30,5,30],[0,31,5,31],[0,32,5,32],[0,33,5,33],[0,34,5,34],[0,35,5,35],[0,36,5,36],[0,37,5,37]]}
["CLUSTER","PROFESSIONAL CATEGORY ","SUB CATEGORY","CODE","PROGRAM","DIVISION","Pax | Session","Overall","KONSULTAN | TENAGA PENGAJAR","BAJET ",{"$nulls":5},"DIV I, II & III (C3)","DIV III (C2,1), IV & V","DIV I, II & III","DIV IV & V","PENJADUALAN KONSULTAN | AGENSI KERAJAAN | TRAINERS IPA MENGENDALIKAN PROGRAM BAGI SETIAP SESI ",{"$nulls":5},"MONTH","APRIL 2025","MAY 2025","JUNE 2025","JULY 2025","AUGUST 2025","SEPTEMBER 2025","OCTOBER 2025","NOVEMBER 2025","DECEMBER 2025","JANUARY 2026","FEBRUARY 2026","MARCH 2026"]
[{"$nulls":9},"YURAN | HONORARIUM\n[Agensi Kerajaan | Konsultan & Guest Speaker]","KATERING\n[Jamuan, Bottled Water]","SEWA\n[Kenderaan, Bus,  Hotel,  Venue, Kem, Equipments]","SUPPLY\n[Merchandise,  Stationeries, Gifts, Printing, Training Materials, Games Set]","OTHER EXPENSES\n[Such as Health Check, Insurance, Marketing & Advertising, Licenses & Permits, Software Subscription]","TOTAL"]
[]
[{"$nulls":19},"SESI 1","SESI 2","SESI 3","SESI 4","SESI 5","SESI 6"]
[]
[]
["GLC","EXECUTIVE & LEADERSHIP","GOVERNANCE","GM0202010","Policy Development and Analysis","I, II",30,{"$f":"#REF!*G7","v":{"$error":"#REF!"}},"Konsultan",{"$f":"6500*#REF!","v":{"$error":"#REF!"}},{"$nulls":4},{"$f":"SUM(J7:N7)","v":{"$error":"#REF!"}},{"$nulls":15},"25 - 27"]
["GLC","EXECUTIVE & LEADERSHIP","GOVERNANCE","GM0202020","Strategic Leadership and Innovation","I, II",30,{"$f":"#REF!*G8","v":{"$error":"#REF!"}},"Konsultan",{"$f":"7500*#REF!","v":{"$error":"#REF!"}},{"$nulls":4},{"$error":"#REF!"},{"$nulls":12},"12 - 14","02 - 04"]
["GLC","EXECUTIVE & LEADERSHIP","LEADERSHIP","GM0202030","Public Sector Leadership and Management","I, II",30,{"$f":"#REF!*G9","v":{"$error":"#REF!"}},"Konsultan",{"$f":"6000*#REF!","v":{"$error":"#REF!"}},{"$nulls":4},{"$error":"#REF!"},{"$nulls":11},"29 - 30",null,"25 - 26"]
["GLC","GOVERNANCE","GOVERNANCE","GM0202040","Urustadbir Islam: Maqasid Syariah","I, II",30,{"$f":"#REF!*G10","v":{"$error":"#REF!"}},"Konsultan | Agensi Kerajaan",{"$f":"5000*#REF!","v":{"$error":"#REF!"}},{"$nulls":4},{"$error":"#REF!"},{"$nulls":12},"07 - 08",null,null,"25 - 26"]
["GLC","GOVERNANCE","GOVERNANCE","GM0202050","Rukun Akhlak dan Etika Kerja Perkhidmatan Awam","II, III, IV dan V",30,{"$f":"#REF!*G11","v":{"$error":"#REF!"}},"Tenaga Pengajar IPA",{"$nulls":5},{"v":0,"d":"$0.00"},{"$nulls":11},"07 - 09","05 - 07","10 - 12",null,"26 - 28","23 - 25",null,"18 - 20",null,"19 - 21"]
["GLC","GOVERNANCE","GOVERNANCE","GM0202060","Penerapan Negara Zikir dalam Perkhidmatan Awam","II, III, IV dan V",30,{"$f":"#REF!*G12","v":{"$error":"#REF!"}}," Agensi Kerajaan dan Tenaga Pengajar IPA",{"$f":"1000*#REF!","v":{"$error":"#REF!"}},{"$nulls":4},{"$error":"#REF!"},{"$nulls":13},"03 - 05",{"$nulls":3},"08 - 09 & 11","12 - 13 & 15","03 - 04 & 06"]
["GLC","EXECUTIVE & LEADERSHIP","GOVERNANCE","GM0202070","Policy Monitoring and Evaluation ","I, II",30,{"$f":"#REF!*G13","v":{"$error":"#REF!"}},"Konsultan",{"$f":"6000*#REF!","v":{"$error":"#REF!"}},{"$nulls":4},{"$error":"#REF!"},{"$nulls":14},"01 - 03"]
["GLC","EXECUTIVE & LEADERSHIP","GOVERNANCE","GM0202080","Memperkasa Kepimpinan Diri","II, III (C3)",30,{"$f":"#REF!*G14","v":{"$error":"#REF!"}},"Tenaga Pengajar IPA",{"$nulls":5},{"$f":"SUM(J14:N14)","v":{"v":0,"d":"$0.00"}},{"$nulls":13},"09 - 11",null,"06 - 07 & 09"]
["IICTC","ICT","DATA ANALYTICS & AI","IO0101010","Artificial Intelligence and Machine Learning Fundamentals","I,II & III",30,{"$f":"#REF!*G15","v":{"$error":"#REF!"}},"Konsultan / Institusi Tempatan / Organisasi Tempatan",{"$f":"4000","v":{"v":4000,"d":"$4,000.00"}},{"$nulls":4},{"v":4000,"d":"$4,000.00"},{"$nulls":13},"25 - 26"]
["IICTC","ICT","DIGITALISATION","IO0101020","Pengenalan Asas IT","IV & V",20,{"$f":"#REF!*G16","v":{"$error":"#REF!"}},"Tenaga Pengajar IPA",{"$nulls":5},{"$f":"SUM(J16:N16)","v":{"v":0,"d":"$0.00"}},{"$nulls":18},"03"]
["IICTC","ICT","PROJECT MANAGEMENT","IO0101030","Project Management Essentials","II & III",30,{"$f":"#REF!*G17","v":{"$error":"#REF!"}},"Konsultan",{"$f":"6000","v":{"v":6000,"d":"$6,000.00"}},{"$nulls":4},{"$f":"SUM(J17:N17)","v":{"v":6000,"d":"$6,000.00"}},{"$nulls":12},"06 - 08"]
["IICTC","ICT","DATA ANALYTICS & AI","IM0202040","Data Analytics Using Machine Learning for Public Sector ","I, II & III",20,{"$f":"#REF!*G18","v":{"$error":"#REF!"}},"Konsultan / Institusi Tempatan / Organisasi Tempatan",{"$f":"6000","v":{"v":6000,"d":"$6,000.00"}},{"$nulls":4},{"v":6000,"d":"$6,000.00"},{"$nulls":15},"12 - 14"]
["IICTC","ICT","DATA ANALYTICS & AI","IM0202050","Microsoft Power BI - Data Analytics and Visualisations","II & III",20,{"$f":"#REF!*G19","v":{"$error":"#REF!"}},"Konsultan",{"$f":"12000","v":{"v":12000,"d":"$12,000.00"}},{"$nulls":4},{"v":12000,"d":"$12,000.00"},{"$nulls":13},"03 - 05",null,"11 - 13"]
["IICTC","ICT","DIGITALISATION","IO0101060","Digital Literacy ","II, III, IV",30,{"$f":"#REF!*G20","v":{"$error":"#REF!"}},"Tenaga Pengajar IPA / AITI / MTIC",{"$f":"690","v":{"v":690,"d":"$690.00"}},{"$nulls":4},{"v":690,"d":"$690.00"},{"$nulls":14},"16 - 17",null,null,"01 - 02",{"$nulls":3},"03 - 04"]
["IICTC","ICT","DIGITALISATION","IO0101070","Introduction to Microsoft Sharepoint ","II & III",20,{"$f":"#REF!*G21","v":{"$error":"#REF!"}},"Tenaga Pengajar IPA",{"$nulls":5},{"v":0,"d":"$0.00"},{"$nulls":12},"14 - 15"]
["IICTC","ICT","CYBER SECURITY","IM0202080","IT Security Awareness for Executives","I & II",80,{"$f":"#REF!*G22","v":{"$error":"#REF!"}},"Cyber Security Brunei",{"$f":"747.5","v":{"v":747.5,"d":"$747.50"}},{"$nulls":4},{"v":747.5,"d":"$747.50"},{"$nulls":13},"03"]
["IICTC","ICT","CREATIVE MEDIA","IM0202090","Infographic for Beginners ","II & III",20,{"$f":"#REF!*G23","v":{"$error":"#REF!"}},"Tenaga Pengajar IPA",{"$nulls":5},{"v":0,"d":"$0.00"},{"$nulls":11},"22 - 23",{"$nulls":8},"07 - 08"]
["IICTC","ICT","CREATIVE MEDIA","IO0101100","Video Creation","II & III",20,{"$f":"#REF!*G24","v":{"$error":"#REF!"}},"Tenaga Pengajar IPA",{"$nulls":5},{"v":0,"d":"$0.00"},{"$nulls":21},"10 - 11"]
["IICTC","ICT","CREATIVE MEDIA","IO0101110","Mobile Apps Design & Development","II & III",20,{"$f":"#REF!*G25","v":{"$error":"#REF!"}},"Konsultan",{"$f":"12000","v":{"v":12000,"d":"$12,000.00"}},{"$nulls":4},{"v":12000,"d":"$12,000.00"},{"$nulls":14},"08 - 10",null,"09 - 11"]
["IICTC","ICT","OFFICE APPLICATION","IO0101120","Microsoft Access (Intermediate)","II & III",20,{"$f":"#REF!*G26","v":{"$error":"#REF!"}},"Tenaga Pengajar IPA",{"$nulls":5},{"v":0,"d":"$0.00"},{"$nulls":20},"12 - 14"]
["IICTC","INNOVATION","INNOVATION","IO0101130","Problem Solving and Decision Making ","I, II & III",30,{"$f":"#REF!*G27","v":{"$error":"#REF!"}},"Konsultan",{"$f":"8000","v":{"v":8000,"d":"$8,000.00"}},{"$nulls":4},{"v":8000,"d":"$8,000.00"},{"$nulls":14},"08 - 09",null,"22 - 23"]
["IICTC","ICT","DATA ANALYTICS & AI","IM0202140","Data Analysis and Decision Making using SPSS ","II & III",20,{"$f":"#REF!*G28","v":{"$error":"#REF!"}},"Konsultan",{"$f":"6000","v":{"v":6000,"d":"$6,000.00"}},{"$nulls":4},{"v":6000,"d":"$6,000.00"},{"$nulls":16},"15 - 17"]
["IICTC","ICT","DATA ANALYTICS & AI","IM0202150","Data Analysis and Decision Making using Stata ","II & III",20,{"$f":"#REF!*G29","v":{"$error":"#REF!"}},"Konsultan",{"$f":"6000","v":{"v":6000,"d":"$6,000.00"}},{"$nulls":4},{"v":6000,"d":"$6,000.00"},{"$nulls":14},"01 - 03"]
["IICTC","ICT","DIGITALISATION","IO0101160","Introduction to Basic Programming ","II & III",20,{"$f":"#REF!*G30","v":{"$error":"#REF!"}},"Tenaga Pengajar IPA",{"$nulls":5},{"v":0,"d":"$0.00"},{"$nulls":18},"25 - 26"]
["IICTC","ICT","PROJECT MANAGEMENT","IM0202170","Microsoft Project For Project Management","II & III",20,{"$f":"#REF!*G31","v":{"$error":"#REF!"}},"Konsultan",{"$f":"10000","v":{"v":10000,"d":"$10,000.00"}},{"$nulls":4},{"v":10000,"d":"$10,000.00"},{"$nulls":13},"16 - 21"]
["IICTC","ICT","CYBER SECURITY","IM0202180","IT Security Awareness for End Users ","II, III, IV & V",100,{"$f":"#REF!*G32","v":{"$error":"#REF!"}},"Cyber Security Brunei",{"$f":"747.5*#REF!","v":{"$error":"#REF!"}},{"$nulls":4},{"$error":"#REF!"},{"$nulls":11},"28",null,"30",null,"28","15"]
["IICTC","ICT","CREATIVE MEDIA","IO0101190","Creating Diagrams with Microsoft Visio","II & III",20,{"$f":"#REF!*G33","v":{"$error":"#REF!"}},"Tenaga Pengajar IPA",{"$nulls":5},{"v":0,"d":"$0.00"},{"$nulls":13},"10 - 12"]
["IICTC","ICT","OFFICE APPLICATION","IO0101200","Microsoft Word (Basic)","IV & V",20,{"$f":"#REF!*G34","v":{"$error":"#REF!"}},"Tenaga Pengajar IPA",{"$nulls":5},{"v":0,"d":"$0.00"},{"$nulls":11},"23 - 24",null,null,"02 - 03",null,"17 - 18",{"$nulls":4},"11 - 12"]
["IICTC","ICT","OFFICE APPLICATION","IO0101210","Mail Merge Menggunakan Microsoft Word (Intermediate)","III, IV & V",20,{"$f":"#REF!*G35","v":{"$error":"#REF!"}},"Tenaga Pengajar IPA",{"$nulls":5},{"v":0,"d":"$0.00"},{"$nulls":13},"04 - 05",{"$nulls":3},"14 - 15",null,"03 - 04","20 - 21"]
["IICTC","ICT","OFFICE APPLICATION","IO0101220","Microsoft Excel (Basic)","II, III, IV & V",20,{"$f":"#REF!*G36","v":{"$error":"#REF!"}},"Tenaga Pengajar IPA",{"$nulls":5},{"v":0,"d":"$0.00"},{"$nulls":11},"29 - 30",null,"10 - 11",null,null,"02 - 03",null,"04 - 05"]
["IICTC","ICT","OFFICE APPLICATION","IO0101230","Microsoft Excel (Intermediate)","II & III",20,{"$f":"#REF!*G37","v":{"$error":"#REF!"}},"Tenaga Pengajar IPA",{"$nulls":5},{"v":0,"d":"$0.00"},{"$nulls":12},"06 - 07",null,"01 - 02"]
["IICTC","ICT","OFFICE APPLICATION","IO0101240","Microsoft PowerPoint (Basic)","II, III, IV & V",20,{"$f":"#REF!*G38","v":{"$error":"#REF!"}},"Tenaga Pengajar IPA",{"$nulls":5},{"v":0,"d":"$0.00"},{"$nulls":11},"29 - 30",{"$nulls":3},"13 - 14",null,null,"05 - 06"]
["IICTC","ICT","OFFICE APPLICATION","IO0101250","Microsoft Access (Basic) ","II & III",20,{"$f":"#REF!*G39","v":{"$error":"#REF!"}},"Tenaga Pengajar IPA",{"$nulls":5},{"v":0,"d":"$0.00"},{"$nulls":15},"25 - 27",null,null,"10 - 12"]
["IICTC","INNOVATION","INNOVATION","IM0202260","Organisational Process Improvement ","I, II & III",30,{"$f":"#REF!*G40","v":{"$error":"#REF!"}},"Konsultan",{"$f":"6000","v":{"v":6000,"d":"$6,000.00"}},{"$nulls":4},{"v":6000,"d":"$6,000.00"},{"$nulls":13},"17 - 19"]
["IICTC","INNOVATION","INNOVATION","IM0303270","Kumpulan Inovasi & Kreatif Perkhidmatan Awam","I, II, III, IV & V",30,{"$f":"#REF!*G41","v":{"$error":"#REF!"}},"Tenaga Pengajar IPA",{"$nulls":5},{"v":0,"d":"$0.00"},{"$nulls":12},"12 - 15",{"$nulls":3},"08 - 11",{"$nulls":3},"26 - 29"]
["IICTC","INNOVATION","INNOVATION","IM0303280","Design Thinking","I, II & III",30,{"$f":"#REF!*G42","v":{"$error":"#REF!"}},"Tenaga Pengajar IPA",{"$nulls":5},{"v":0,"d":"$0.00"},{"$nulls":15},"05 - 07",null,null,"18 - 20"]
["MC",null,"MANAGEMENT","MO0101010","Research Methods","II & III ",30,{"$f":"#REF!*G43","v":{"$error":"#REF!"}},"Konsultan / Institusi Tempatan/ UTB",{"$f":"8000","v":{"v":8000,"d":"$8,000.00"}},{"$nulls":4},{"$f":"SUM(J43:N43)","v":{"v":8000,"d":"$8,000.00"}},{"$nulls":16},"22 - 25"]
["MC","MANAGEMENT","MANAGEMENT","MM0303020","Detox Minda"," II, III, IV & V ",30,{"$f":"#REF!*G44","v":{"$error":"#REF!"}},"Tenaga Pengajar IPA",{"$nulls":5},{"v":0,"d":"$0.00"},{"$nulls":11},"15 - 17",null,null,"16 - 19",{"$nulls":3},"08 - 11"]
["MC","HUMAN RESOURCE","HUMAN RESOURCE","MM0303030","Performance Management using KPI "," II & III (C3) ",30,{"$f":"#REF!*G45","v":{"$error":"#REF!"}},"Konsultan",{"$f":"4100*#REF!","v":{"$error":"#REF!"}},{"$nulls":4},{"$error":"#REF!"},{"$nulls":14},"08 - 09",null,null,"01 - 02"]
["MC","MANAGEMENT","MANAGEMENT","MM0202040","Kemahiran Kesetiausahaan"," II, III & IV ",30,{"$f":"#REF!*G46","v":{"$error":"#REF!"}},"Konsultan luar & lokal",{"$f":"7361.7*#REF!","v":{"$error":"#REF!"}},{"$nulls":4},{"$f":"SUM(J46:N46)","v":{"$error":"#REF!"}},{"$nulls":16},"08 - 11"]
["MC","PROFESSIONAL CERTIFICATION","MANAGEMENT","MM0202050","Pembantu Pejabat Cemerlang"," V ",30,{"$f":"#REF!*G47","v":{"$error":"#REF!"}},"Tenaga Pengajar IPA",{"$nulls":5},{"v":0,"d":"$0.00"},{"$nulls":4},"PL FERZAT\nPL MARHAYATI\nPPL HADINI","PL FERZAT\nPL MARHAYATI\nPPL HADINI","PL FERZAT\nPL MARHAYATI\nPPL HADINI","PL FERZAT\nPL MARHAYATI\nPPL HADINI","PL FERZAT\nPL MARHAYATI\nPPL HADINI",{"$nulls":3},"07 - 08",null,"02 - 03",null,null,"08 - 09",null,null,"07 - 08","04 - 05"]
["MC","COMMUNICATION","COMMUNICATION","MM0202060","Pemantapan Komunikasi Efektif","II, III, IV & V ",30,{"$f":"#REF!*G48","v":{"$error":"#REF!"}},"Tenaga Pengajar IPA",{"$nulls":5},{"v":0,"d":"$0.00"},{"$nulls":4},"PL HUSSEINI","PL SURIAH","PL SURIAH","PL HUSSEINI","PL HUSSEINI",{"$nulls":3},"13 - 15","03 - 05",null,"12 - 14",null,"04, 06 & 07",{"$nulls":3},"10 - 12"]
["MC","COMMUNICATION","COMMUNICATION","MM0202070","Menguasai Penyampaian"," I, II & III (C3)",30,{"$f":"#REF!*G49","v":{"$error":"#REF!"}},"Tenaga Pengajar IPA",{"$nulls":5},{"v":0,"d":"$0.00"},{"$nulls":4},"PL HUSSEINI","PL HUSSEINI","PL HUSSEINI",{"$nulls":5},"05 - 08",{"$nulls":3},"01 - 04","13 - 16"]
["MC","COMMUNICATION","COMMUNICATION","MM0202080","Penyediaan Laporan dan Kertas Kerja"," I, II & III (C3) ",30,{"$f":"#REF!*G50","v":{"$error":"#REF!"}},"Tenaga Pengajar IPA",{"$nulls":5},{"v":0,"d":"$0.00"},{"$nulls":16},"15 - 18",null,"03 - 06","15 - 18","12 - 15"]
["MC","COMMUNICATION","COMMUNICATION","MM0202090","Kerja Berpasukan"," I, II, III, IV & V ",30,{"$f":"#REF!*G51","v":{"$error":"#REF!"}},"Tenaga Pengajar IPA",null,{"$f":"3.5*#REF!*#REF!*G51","v":{"$error":"#REF!"}},{"$f":"100*#REF!","v":{"$error":"#REF!"}},null,null,{"$error":"#REF!"},{"$nulls":4},"PL HUSSEINI","PL HUSSEINI","PL HUSSEINI",{"$nulls":7},"08 - 10",null,"16 - 18",{"$nulls":3},"27 - 29","24 - 26"]
["MC","CUSTOMER SERVICE","CUSTOMER SERVICE","MM0303100","Pengurusan Perkhidmatan Berkesan"," II & III (C3) ",30,{"$f":"#REF!*G52","v":{"$error":"#REF!"}},"Tenaga Pengajar IPA",{"$nulls":5},{"v":0,"d":"$0.00"},{"$nulls":4},"PL SURIAH","PL SURIAH",{"$nulls":10},"09 - 11",null,"04 - 06"]
["MC","CUSTOMER SERVICE","CUSTOMER SERVICE","MM0303110","Perkhidmatan Pelanggan Profesional"," IV & V",30,{"$f":"#REF!*G53","v":{"$error":"#REF!"}},"Tenaga Pengajar IPA",{"$nulls":5},{"v":0,"d":"$0.00"},{"$nulls":4},"PL MARHAYATI\nPL NORARINA\nPPL ERNA","PL MARHAYATI\nPL NORARINA\nPPL ERNA","PL MARHAYATI\nPL NORARINA\nPPL ERNA","PL MARHAYATI\nPL NORARINA\nPPL ERNA","PL MARHAYATI\nPL NORARINA\nPPL ERNA",null,null,"14 - 16","12 - 14","02 - 04",null,"04 - 06",{"$nulls":4},"13 - 15"]
["MC","MANAGEMENT","MANAGEMENT","MO0101120","Menangani Perubahan "," III, IV & V",30,{"$f":"#REF!*G54","v":{"$error":"#REF!"}},"Tenaga Pengajar IPA",{"$nulls":5},{"v":0,"d":"$0.00"},{"$nulls":15},"05 - 07",null,null,"25 - 27","02 - 04","27 - 29"]
["MC","HUMAN RESOURCE","HUMAN RESOURCE","MO0101130","Change Management "," I & II",30,{"$f":"#REF!*G55","v":{"$error":"#REF!"}},"Emeritus",{"$f":"6000","v":{"v":6000,"d":"$6,000.00"}},{"$nulls":4},{"v":6000,"d":"$6,000.00"},{"$nulls":13},"11 - 12"]
["MC","MANAGEMENT","MANAGEMENT","MM0303140","Asas Kemahiran Kaunseling","I, II, III, IV & V ",30,{"$f":"#REF!*G56","v":{"$error":"#REF!"}},"Tenaga Pengajar IPA",{"$f":"997*#REF!","v":{"$error":"#REF!"}},{"$nulls":4},{"$error":"#REF!"},{"$nulls":4},"JPA / PL SURIAH / PL HUSSEINI","JPA / PL SURIAH / PL HUSSEINI","JPA / PL SURIAH / PL HUSSEINI",{"$nulls":5},"14 - 15",{"$nulls":6},"02 - 03",null,"07 & 09"]
["MC","MANAGEMENT","MANAGEMENT","MM0202150","Induksi Perkhidmatan Awam "," II (B2), III, IV & V",100,{"$f":"#REF!*G57","v":{"$error":"#REF!"}},"Tenaga Pengajar IPA & Agensi Kerajaan",{"$f":"3190*#REF!","v":{"$error":"#REF!"}},{"$nulls":4},{"$error":"#REF!"},{"$nulls":4},"AGENSI & IPA TRAINERS","AGENSI & IPA TRAINERS",{"$nulls":8},"07 - 12","04 - 09"]
["MC","MANAGEMENT","MANAGEMENT","MO0101160","Persediaan Persaraan ","I,II,III,IV,V",50,{"$f":"#REF!*G58","v":{"$error":"#REF!"}},"Agensi Kerajaan",{"$f":"4200","v":{"v":4200,"d":"$4,200.00"}},{"$f":"9000","v":{"v":9000,"d":"$9,000.00"}},{"$f":"4230","v":{"v":4230,"d":"$4,230.00"}},null,null,{"v":17430,"d":"$17,430.00"},{"$nulls":13},"09 - 16 &  \n19 - 26",null,"04 - 11 \n16 - 23",null,null,"01 - 08",null,null,"02 - 09"]
["MC","COMMUNICATION","COMMUNICATION","MO0101170","Tatacara Persuratan Rasmi (Klinikal)"," II, III, IV & V",30,{"$f":"#REF!*G59","v":{"$error":"#REF!"}},"Tenaga Pengajar IPA ",{"$nulls":5},{"v":0,"d":"$0.00"},{"$nulls":17},"16 | 18","15 | 17",null,"22 | 24"]
["MC","MANAGEMENT","MANAGEMENT","MM0303180","Kemahiran Penyeliaan"," III ",30,{"$f":"#REF!*G60","v":{"$error":"#REF!"}},"Konsultan",{"$f":"1672","v":{"v":1672,"d":"$1,672.00"}},{"$nulls":4},{"v":1672,"d":"$1,672.00"},{"$nulls":4},"KONSULTAN",{"$nulls":10},"04 - 05"]
["MC","EXECUTIVE & LEADERSHIP","MANAGEMENT","MM0202190","Strategic Management ","I, II",30,{"$f":"#REF!*G61","v":{"$error":"#REF!"}},"Tenaga Pengajar IPA",{"$nulls":5},{"v":0,"d":"$0.00"},{"$nulls":4},"KONSULTAN / PIPA",{"$nulls":12},"06 - 07"]
["MC","MANAGEMENT","MANAGEMENT","MM0202200","Induksi Perkhidmatan Awam (Refresher)"," II (B2), III, IV & V",100,{"$f":"#REF!*G62","v":{"$error":"#REF!"}},"Tenaga Pengajar IPA & Agensi Kerajaan",{"$f":"1740*#REF!","v":{"$error":"#REF!"}},{"$nulls":4},{"$error":"#REF!"},{"$nulls":4},"AGENSI & IPA TRAINERS","AGENSI & IPA TRAINERS",{"$nulls":11},"01 - 02",null,null,"07 - 08"]
["MC","HUMAN RESOURCE","HUMAN RESOURCE","MO0101210","Train The Trainers"," I, II & III (C3) ",30,{"$f":"#REF!*G63","v":{"$error":"#REF!"}},"Tenaga Pengajar IPA",{"$nulls":5},{"v":0,"d":"$0.00"},{"$nulls":15},"25 - 30"]
[{"$nulls":14},{"$f":"SUM(O13:O63)","v":{"$error":"#REF!"}}]

{"sheet":"Planner 2024 - 2025 (Edited)","index":1,"n_rows":137,"n_cols":100,"rows_kept":137,"hidden":true,"merged":[[0,0,5,0],[0,1,5,1],[0,2,5,2],[0,3,5,3],[0,4,5,4],[0,5,5,5],[0,6,5,6],[0,7,5,7],[0,8,5,8],[0,9,5,9],[0,10,5,10],[0,11,5,11],[0,12,5,12],[0,15,5,15],[0,16,0,19],[0,20,5,20],[0,21,5,21],[0,22,5,22],[0,23,5,23],[0,24,5,24],[0,25,5,25],[0,26,5,26],[0,27,5,27],[0,28,5,28],[0,29,5,29],[0,30,5,30],[0,32,0,36],[0,37,0,41],[0,42,0,46],[0,47,0,51],[0,52,0,56],[0,57,0,61],[0,62,0,66],[0,67,0,71],[0,72,0,76],[0,77,0,81],[0,82,0,86],[0,87,0,92],[0,93,5,93],[0,94,5,94],[0,95,5,95],[0,96,5,96],[0,97,5,97],[0,98,5,98],[0,99,5,99],[1,16,5,16],[1,17,5,17],[1,18,5,18],[1,19,5,19],[4,40,4,41],[4,50,4,52],[4,65,4,66],[5,32,5,34],[5,53,5,55],[5,65,5,66],[5,72,5,76],[5,91,5,92],[6,1,63,1],[45,36,45,37],[63,61,63,62],[64,1,72,1],[64,8,66,8],[64,37,64,38],[64,53,64,54],[64,67,64,68],[65,51,65,52],[66,35,66,37],[66,45,66,46],[66,60,66,62],[66,71,66,72],[66,82,66,83],[73,1,77,1],[73,60,73,73],[74,38,74,50],[75,43,75,56],[78,1,79,1],[80,1,83,1],[84,1,101,1]]}
["NO","PROGRAM CATEGORY","CLUSTER","LEARNING CATEGORY ","PROFESSIONAL CATEGORY ","SUB CATEGORY","CODE","PROGRAM","DIVISION","T.A","ASST. T.A.","FREQ","DAYS",null,null,"KONSULTAN | TENAGA PENGAJAR","BAJET ",{"$nulls":3},"DIV I, II & III (C3)","DIV III (C2,1), IV & V","DIV I, II & III","DIV IV & V","SESI1","SESI2","SESI3","SESI4","SESI5","SESI6","SESI7","MONTH","APRIL 2024",{"$nulls":4},"MAY 2024",{"$nulls":4},"JUNE 2024",{"$nulls":4},"JULY 2024",{"$nulls":4},"AUGUST 2024",{"$nulls":4},"SEPTEMBER 2024",{"$nulls":4},"OCTOBER 2024",{"$nulls":4},"NOVEMBER 2024",{"$nulls":4},"DECEMBER 2024",{"$nulls":4},"JANUARY 2025",{"$nulls":4},"FEBRUARY 2025",{"$nulls":4},"MARCH 2025",{"$nulls":5},"CLASSROOM | LAB \nSESI 1","CLASSROOM | LAB\nSESI 2","CLASSROOM | LAB\nSESI 3","CLASSROOM | LAB\nSESI 4","CLASSROOM | LAB\nSESI 5","CLASSROOM | LAB\nSESI 6","CLASSROOM | LAB\nSESI 7"]
[{"$nulls":16},"YURAN ","KATERING","SEWA","MISCELLANEOUS",{"$nulls":11},"WEEK",1,2,3,4,5,1,2,3,4,5,1,2,3,4,5,1,2,3,4,5,1,2,3,4,null,1,2,3,4,5,1,2,3,4,5,1,2,3,4,5,1,2,3,4,5,1,2,3,4,5,1,2,3,4,5,1,2,3,4,5,6]
[{"$nulls":31},"DATE","01 - 06","08 - 13","15 - 20","22 - 27","29 - 30","01 - 04","06 - 11","13 - 18","20 - 25","27 - 30","01","03 - 08","10 - 15","17 - 22","24 - 29","01 - 06","08 - 13","15 - 20","22 - 27","29 - 31","01 - 03","05 - 10","12 - 17","19 - 24","26 - 31","02 - 07","09 - 14","16 - 21","23 - 28","30","01 - 05","07 - 12","14 - 19","21 - 26","28 - 31","02","04 - 09","11 - 16","18 - 23","25 - 30","01 - 07","09 - 14","16 - 21","23 - 28","30 - 31","01 - 04 ","06 - 11","13 - 18","20 - 25","27 - 31","01","03 - 08","10 - 15","17 - 22","24 - 28","01","03 - 15","10 - 15","17 - 22","24 - 29","31 March"]
[{"$nulls":13},"Pax | Session","Overall",{"$nulls":16},"CUTI AWAM",null,"Hari Raya Aidil Fitri \n10 - 13 April (Rabu - Sabtu)",{"$nulls":7},"ABDB\n31 May\n(Jumaat)","Public Holiday ABDB\n01 June\n(Sabtu)",null,null,"Hari Raya Aidil Adha\n17 Jun (Isnin)",null,null,"Awal Tahun Hijriah 1446\n08 July (Isnin)","Hari Keputeraan KDYMM\n15 July (Isnin)",{"$nulls":9},"Maulud Nabi Muhammad SAW\n16 Sept (Isnin)",{"$nulls":15},"Christmas Day\n25 Dec (Rabu)",null,"Tahun Baru 2025\n01 Jan (Rabu)",{"$nulls":3},"1. Isra' Mi'raj \n27 Jan (Isnin)\n2. Chinese New Year\n29 Jan (Rabu)",{"$nulls":3},"Hari Kebangsaan 2025 \n23 Feb (Ahad)","Public Holiday\nHari Kebangsaan 2025 \n24 Feb (Isnin)","Awal Ramadhan\n01 Mac (Sabtu)",null,null,"Nuzul Al-Quran\n17 Mac (Isnin)","Hari Raya Aidil Fitri\n31 Mac - 02  Apr (Isnin - Rabu)"]
[{"$nulls":31},"DW",{"$nulls":8},"20 - 30 May 2024\n[11 Days]",{"$nulls":9},"22 July - 03 Aug 2024\n[13 Days]",{"$nulls":14},"21 - 31 Oct 2024 \n[11 Days]"]
[{"$nulls":31},"School Holiday","25 Mac - 15 April\n[22 Hari]",{"$nulls":20},"05 - 22 Aug [18 Hari]",{"$nulls":18},"01 - 31 Dec [31 Hari]",{"$nulls":18},"25 Mac - 15 April 2024\n[22 Hari]"]
[1,"PLANNER","GLC","SKILL","EXECUTIVE & LEADERSHIP","GOVERNANCE","GS01010","Policy Monitoring and Evaluation ","Group &  II (ES1 & ES2)","PL SHAWAL","KL ARNIE",1,3,{"$f":"30","v":30},{"$f":"L7*N7","v":30},"CONSULTANT",{"$nulls":8},"Pinecone Consultancy and Training\n[Asnawi Faisal Haji Khamis]",{"$nulls":22},"01 - 03"]
[2,null,"GLC","SKILL","GOVERNANCE","GOVERNANCE","GS01020","Introduction to Public Policy ","II & III (ES2 & ES3)","PL SHAWAL","KL ARNIE",1,2,{"$f":"30","v":30},{"$f":"L8*N8","v":30},{"$nulls":34},"16 - 17"]
[3,null,"GLC","BEHAVIOUR","EXECUTIVE & LEADERSHIP","LEADERSHIP","GS01140","Leading People","Group & II (ES1 & ES2) ","PPL ASDIANAH","KL ARNIE",2,2,{"$f":"30","v":30},60,{"$nulls":24},"15 - 16",{"$nulls":34},"18 - 19"]
[4,null,"GLC","KNOWLEDGE","EXECUTIVE & LEADERSHIP","LEADERSHIP","GS01150","Leading Change Through Strategic Intelligence - NEW","I & II (ES1 & ES2)","PL SHAWAL","KL ARNIE",1,3,{"$f":"30","v":30},30,"CONSULTANT",{"$nulls":8},"MUBN Learning and Growth Company\n[Dr. Hjh Mona Yati bte DSLJ Hj Mohd Kassim]",{"$nulls":14},"14-16",{"$nulls":3},"03 - 05"]
[5,null,"GLC","BEHAVIOUR","EXECUTIVE & LEADERSHIP","LEADERSHIP","GS02010","Memperkasa Kepimpinan Diri - NEW","II, III (ES2 & ES3), IV & V","PL SHAWAL","KL ARNIE",2,3,{"$f":"30","v":30},60,"PL HUSSEINI",{"$nulls":8},"PL Husseini","PL Husseini",{"$nulls":9},"23 - 25",{"$nulls":23},"17 - 19"]
[6,null,"GLC","SKILL","GOVERNANCE","GOVERNANCE","GS03090","Introduction to Cost Benefit Analysis in Policy Making ","II & III (ES2 & ES3)","PL SHAWAL","KL ARNIE",1,3,{"$f":"30","v":30},30,"CONSULTANT",{"$nulls":8},"ALS.S.S. Training Academy\n[Mohamad Faisal bin Abdul Mailik]",{"$nulls":23},"09 - 11",{"$nulls":19},"04 - 06"]
[7,null,"GLC","BEHAVIOUR","GOVERNANCE","GOVERNANCE","GE12110","Rukun Akhlak dan Etika Kerja Perkhidmatan Awam","II, III (ES2 & ES3), IV & V","PL AQMAL","KL ARNIE",6,3,{"$f":"30","v":30},180,"PL [KHALILAH, MARHAYATI, SURIAH, ALI NOOR] PPL [HADINI]",{"$nulls":8},"PPL HADINI","PL [KHALILAH, MARHAYATI, SURIAH]","PL [KHALILAH, MARHAYATI] \nPPL ASDIANAH","PL ALI NOOR","PPL HADINI","PL ALI NOOR",{"$nulls":9},"14 - 16 ",null,"28 - 30",null,"04 - 06",{"$nulls":3},"02 - 04",{"$nulls":5},"05 - 07",{"$nulls":3},"03 - 05",{"$nulls":22},"21 - 23"]
[8,null,"GLC","BEHAVIOUR","GOVERNANCE","GOVERNANCE","GE12120","Penerapan Negara Zikir dalam Perkhidmatan Awam","II, III (ES2 & ES3), IV & V","PL AQMAL","KL ARNIE",3,3,{"$f":"30","v":30},90,{"$nulls":23},"07 - 09",{"$nulls":17},"26 - 28",{"$nulls":22},"14 - 16"]
[9,null,"GLC","BEHAVIOUR","GOVERNANCE","GOVERNANCE","GE12130","Penerapan Etika Melalui Kepimpinan Organisasi","I & II (ES1 & ES2)","PL AQMAL","KL ARNIE",2,2,{"$f":"30","v":30},60,{"$nulls":48},"08 - 09 \n'7-9",{"$nulls":3}," ",{"$nulls":4},"03 - 04\n'3-5"]
[{"$nulls":10},{"$f":"SUM(L7:L15)","v":19}]
[10,null,"IICTC","SKILL","ICT","ICT","IS04290","Video Creation using PowToon ","II & III (ES2 & ES3) ","PL AZA","KL HAIROLSAPANDY",1,2,{"$f":"20","v":20},20,"PL AIMI",{"$nulls":8},"PL AIMI",{"$nulls":60},"19 - 20"]
[11,null,"IICTC","SKILL","ICT","ICT","IS05020","Data Analytics for Public Sector ","I, II & III (ES1, ES2 & ES3) ","PL AZA","KL HAIROLSAPANDY",1,2,{"$f":"30","v":30},30,"CONSULTANT",{"$nulls":8},"Signature Trend Sdn Bhd\n[Dharmik Sheth]",{"$nulls":14},"15 - 16"]
[12,null,"IICTC","KNOWLEDGE","ICT","ICT","IS05030","IT Security Awareness for End Users ","II, III (ES2 & ES3), IV & V","PPL AFIQAH","KL HAIROLSAPANDY",4,1,{"$f":"100","v":100},400,"CSB",{"$nulls":8},"CSB","CSB","CSB","CSB",{"$nulls":9},"01",{"$nulls":10},10,{"$nulls":4},"08",{"$nulls":5},17,{"$nulls":20},20]
[13,null,"IICTC","SKILL","ICT","ICT","IS05190","Data Analysis and Decision Making Using SPSS ","II & III (ES2 & ES3) ","PL AZA","KL HAIROLSAPANDY",1,3,{"$f":"30","v":30},30,"CONSULTANT",{"$nulls":8},"Pinecone Consultancy and Training\n[Asnawi Faisal Haji Kamis]",{"$nulls":13},"07 - 09"]
[14,null,"IICTC","SKILL","ICT","ICT","IS05200","Data Analysis and Decision Making Using Stata","II & III (ES2 & ES3) ","PL AZA","KL HAIROLSAPANDY",1,3,{"$f":"20","v":20},20,"CONSULTANT",{"$nulls":8},"Triple A Training\n[Faysal Aziz]",{"$nulls":19},"10 - 12"]
[15,null,"IICTC","SKILL","ICT","ICT","IS05220","Data Analytics and Visualisations with Microsoft Power BI ","II & III (ES2 & ES3) ","PL AZA","KL HAIROLSAPANDY",1,3,{"$f":"20","v":20},20,"CONSULTANT",{"$nulls":8},"ALS.S.S. Training Academy\n[Norhayati binti Isa]",{"$nulls":14},"13 - 15"]
[16,null,"IICTC","KNOWLEDGE","ICT","ICT","IS05230","IT Security Awareness for Executive Management ","I & II (ES1 & ES2) ","PL ADYNA","KL HAIROLSAPANDY",1,1,{"$f":"100","v":100},100,"CSB",{"$nulls":8},"CSB",{"$nulls":14},"15"]
[17,null,"IICTC","SKILL","ICT","ICT","IC07070","Microsoft Excel (Basic) ","II, III (ES 2 & ES 3), IV & V","PL NORARINA","KL HAIROLSAPANDY",4,2,{"$f":"20","v":20},80,"PLK SAIFUL",{"$nulls":8},"PLK HJ SAIFUL","PLK HJ SAIFUL","PLK HJ SAIFUL","PLK HJ SAIFUL",{"$nulls":11},"13 - 14",{"$nulls":9},"17 - 18",{"$nulls":8},"10 - 11",{"$nulls":13},"02 - 03"]
[18,null,"IICTC","SKILL","ICT","ICT","IC07210","Microsoft Access (Basic)  ","II & III (ES2 & ES3) ","PL ADYNA","KL HAIROLSAPANDY",2,4,{"$f":"20","v":20},40,"PL AZA & PPL AFIQAH",{"$nulls":8},"PPL AFIQAH","PPL AFIQAH",{"$nulls":32},"09 - 12",{"$nulls":13},"02 - 05"]
[19,null,"IICTC","SKILL","ICT","ICT","IC07240","Digital Literacy ","II, III (ES2 & ES3), IV & V","PL NORARINA","KL HAIROLSAPANDY",3,2,{"$f":"20","v":20},60,"PL [ADYNA, NORARINA, AZA] \n& PPL AFIQAH ",{"$nulls":8},"PL | ADYNA, AZA, NORARINA \nPPL AFIQAH","PL | ADYNA, AZA, NORARINA \nPPL AFIQAH","PL | ADYNA, AZA, NORARINA \nPPL AFIQAH",{"$nulls":16},"03 - 04",{"$nulls":24},"05 - 06",{"$nulls":14},"04 - 05"]
[20,null,"IICTC","SKILL","ICT","ICT","IC07250","Introduction to Basic Programming ","II & III (ES 2 & ES 3) ","PL NORARINA","KL HAIROLSAPANDY",1,2,{"$f":"20","v":20},20,"PPL AFIQAH",{"$nulls":8},"PPL AFIQAH",{"$nulls":44},"11 - 12"]
[21,null,"IICTC","SKILL","ICT","ICT","IC07260","Introduction to Microsoft SharePoint ","II & III (ES 2 & ES 3) ","PL AIMI","KL HAIROLSAPANDY",1,1,{"$f":"20","v":20},20,"PL AZA",{"$nulls":8},"PL AZA",{"$nulls":12},"02"]
[22,null,"IICTC","SKILL","ICT","ICT","IC07270","Infographic for Beginners ","II & III (ES 2 & ES 3) ","PL ADYNA","KL HAIROLSAPANDY",2,3,{"$f":"20","v":20},40,"PL AZA | PL AIMI",{"$nulls":8},"PL AZA","PL AIMI",{"$nulls":27},"06 - 08",{"$nulls":25},"13 - 15"]
[23,null,"IICTC","SKILL","ICT","ICT","IC07280","Mobile Apps Design and Development ","II & III (ES 2 & ES 3) ","PL AIMI","KL HAIROLSAPANDY",1,3,{"$f":"20","v":20},20,"CONSULTANT",{"$nulls":8},"AR Skills Resources\n[Razman Yusof bin Mohd Sarit]",{"$nulls":29},"13 - 15"]
[24,null,"IICTC","SKILL","ICT","ICT","IC07300","Creating Diagrams with Microsoft Visio ","II & III (ES 2 & ES 3) ","PL AIMI","KL HAIROLSAPANDY",1,3,{"$f":"20","v":20},20,"PL AZA",{"$nulls":8},"PL AZA",{"$nulls":45},"19 - 21"]
[25,null,"IICTC","SKILL","ICT","ICT","IC06050","Microsoft Project For Project Management ","II & III (ES 2 & ES 3) ","PL ADYNA","KL HAIROLSAPANDY",1,5,{"$f":"20","v":20},20,"CONSULTANT",{"$nulls":8},"Welkin Corporation\n[Hailan bin Abdul Hamid]",{"$nulls":32},"02 - 07",{"$nulls":5},"07 - 12"]
[26,null,"IICTC","SKILL","ICT","ICT","IC07040","Microsoft Access (Intermediate) ","II & III (ES2 & ES3) ","PL ADYNA","KL HAIROLSAPANDY",1,4,{"$f":"20","v":20},20,"PL AZA & PPL AFIQAH",{"$nulls":8},"PPL AFIQAH",{"$nulls":60},"17 - 20"]
[27,null,"IICTC","SKILL","ICT","ICT","IC07060","MailMerge Menggunakan Microsoft Word (Intermediate) ","III (ES3), IV & V","PL AZA","KL HAIROLSAPANDY",4,2,{"$f":"20","v":20},80,"PL ADYNA",{"$nulls":8},"PL ADYNA","PL ADYNA","PL ADYNA","PL ADYNA",{"$nulls":16},"12 - 13",{"$nulls":9},"13 - 14",{"$nulls":9},"16 - 17",{"$nulls":15},"22 - 23"]
[28,null,"IICTC","SKILL","ICT","ICT","IC07080","Microsoft PowerPoint (Basic) ","II, III (ES2 & ES3), IV & V ","PL ADYNA","KL NADIA",3,2,{"$f":"20","v":20},60,"PL AIMI",{"$nulls":8},"PL AIMI","PL AIMI","PL AIMI",{"$nulls":12},"13 - 14",{"$nulls":29},"13 - 14",{"$nulls":8},"08 - 09"]
[29,null,"IICTC","SKILL","ICT","ICT","IC07090","Microsoft Word (Basic) ","IV & V","PL AIMI","KL HAIROLSAPANDY",4,2,{"$f":"20","v":20},80,"PL ADYNA",{"$nulls":8},"PL ADYNA","PL ADYNA","PL ADYNA","PL ADYNA",{"$nulls":9},"01 - 02",{"$nulls":11},"17 - 18",{"$nulls":9},"18 - 19",{"$nulls":9},"11 - 12"]
[30,null,"IICTC","BEHAVIOUR","INNOVATION","INNOVATION","IC07100","Organisational Process Improvement","I, II & III (ES1, ES2 & ES3) ","PL AIMI","KL HAIROLSAPANDY",1,3,{"$f":"30","v":30},30,"CONSULTANT",{"$nulls":8},"Rhymin and Partner Sdn Bhd\n[Haji Sairul Rhymin bin Haji C.A Mohamed]",{"$nulls":13},"06 - 08"]
[31,null,"IICTC","BEHAVIOUR","INNOVATION","INNOVATION","IC07110","Kumpulan Inovasi dan Kreatif Perkhidmatan Awam ","I, II, III (ES1, ES2, ES3), IV & V","PPL AFIQAH","KL HAIROLSAPANDY",3,4,{"$f":"30","v":30},90,"PLK SAIFUL, PL NORARINA & PPL ERNA",{"$nulls":8},"PLK SAIFUL\nPL NORARINA\nPPL ERNA","PLK SAIFUL\nPL NORARINA\nPPL ERNA","PLK SAIFUL\nPL NORARINA\nPPL ERNA",{"$nulls":17},"10 - 13",{"$nulls":12},"02 - 05",{"$nulls":5},"07 - 10"]
[32,null,"IICTC","SKILL","ICT","ICT","IC07180","Microsoft Excel (Intermediate) ","II & III (ES2 & ES3)","PL NORARINA","KL HAIROLSAPANDY",2,2,{"$f":"20","v":20},40,"PLK SAIFUL",{"$nulls":8},"PLK SAIFUL","PLK SAIFUL",{"$nulls":17},"04 - 05",{"$nulls":24},"04 - 05"]
[33,null,"IICTC","BEHAVIOUR","INNOVATION","INNOVATION","IO10120","Strategic Organisational Development and Transformation ","I, II & III (ES1, ES2 & ES3) ","PL NORARINA","KL HAIROLSAPANDY",1,3,{"$f":"30","v":30},30,"CONSULTANT",{"$nulls":8},"Al-Majaz Training Services\n[Dr. Mario del Castillo]",{"$nulls":22},"02 - 04"]
[34,null,"IICTC","BEHAVIOUR","INNOVATION","INNOVATION","IO10130","Design Thinking ","I, II & III (ES1, ES2 & ES3) ","PPL AFIQAH","KL HAIROLSAPANDY",2,3,{"$f":"30","v":30},60,"PLK SAIFUL, PL [AZA, AIMI, ADYNA, NORARINA] & PPL AFIQAH",{"$nulls":8},"PLK SAIFUL\nPL | AIMI, ADYNA, AZA, RINA \nPPL AFIQAH","PLK SAIFUL\nPL | AIMI, ADYNA, AZA, RINA \nPPL AFIQAH",{"$nulls":21},"02 - 04",{"$nulls":14},"01 - 03"]
[35,null,"IICTC","BEHAVIOUR","INNOVATION","INNOVATION","IO10150","Problem Solving and Decision Making","I, II & III (ES1, ES2 & ES3) ","PL AIMI","KL HAIROLSAPANDY",2,3,{"$f":"30","v":30},60,"CONSULTANT",{"$nulls":8},"ALS.S.S. Training Academy\n[Mohd Roslan Mohd Zain]","ALS.S.S. Training Academy\n[Mohd Nadzrin Abdul Wahab]",{"$nulls":17},"04 - 06",{"$nulls":4},"09 - 11",{"$nulls":14},"08 - 10"]
[{"$nulls":10},{"$f":"SUM(L17:L42)","v":49}]
[36,null,"MC","BEHAVIOUR","EXECUTIVE & LEADERSHIP","MANAGEMENT","MS01010","Strategic Management","I & II (ES1 & ES2 (B3))","PL SURIAH","KL NADIA",1,2,{"$f":"30","v":30},30,"CONSULTANT",{"$nulls":8},"Aftaneka Infokonsult & Training\n[Nicholas Sylvester]",{"$nulls":30},"21 - 22",{"$nulls":13},"11 - 12"]
[37,null,"MC","KNOWLEDGE","MANAGEMENT","MANAGEMENT","MC07350","Induksi Perkhidmatan Awam (Refresher)","II & III (ES2 & ES3), IV & V","PL SURIAH","KL NADIA",2,2,{"$f":"100","v":100},200,"PL Khalilah\nPPL [Hadini, Madeehah]",{"$nulls":8},"PPL MADEEHAH \nPPL HADINI \nPL KHALILAH","PPL MADEEHAH \nPPL HADINI ",{"$nulls":21},"03 - 04",{"$nulls":16},"16 - 17"]
[38,null,"MC","BEHAVIOUR","MANAGEMENT","MANAGEMENT","MC06030","Detox Minda","II, III (ES2 & ES3), IV & V","PL HUSSEINI","KL NORHAIDAH",3,3,{"$f":"30","v":30},90,"PL Husseini",{"$nulls":8},"PL Husseini","PL Husseini","PL Husseini",{"$nulls":9},"30 Apr - 02 May",{"$nulls":11},"09 - 11",null,"23 - 25",{"$nulls":12},"08 - 10"]
[39,null,"MC","SKILL","HUMAN RESOURCE","HUMAN RESOURCE","MC07040","Performance Management Using KPI","II & III (ES2 & ES3 (C3))","PL HUSSEINI","KL NORHAIDAH",2,2,{"$f":"30","v":30},60,"CONSULTANT",{"$nulls":8},"SCS Strategic Consulting Services PLT\n[Mohd Shairulnizam bin Zuall Cobley]","BELUM ADA PILIHAN KONSULTAN",{"$nulls":20},"26 - 27",{"$nulls":13},"25 - 26"]
[40,null,"MC","SKILL","MANAGEMENT","MANAGEMENT","MC07050","Kemahiran Penyeliaan","III (ES3 (C3))","PPL MADEEHAH","KL NORHAIDAH",1,2,{"$f":"30","v":30},30,"CONSULTANT",{"$nulls":8},"Triple A Training\n[Azmi Shahrin bin Abdl Rahim]",{"$nulls":22},"01 - 02",{"$nulls":5},"05 - 06"]
[41,null,"MC","SKILL","MANAGEMENT","MANAGEMENT","MC07060","Kemahiran Kesetiausahaan I","II (B2) & III (ES3 (C3))","PL SURIAH","KL NORHAIDAH",3,2,{"$f":"30","v":30},90,"CONSULTANT",{"$nulls":8},"ALS.S.S Training Academy\n[Mas Azura binti Jamalludin]","Aftaneka Infokonsult & Taining \n[Roziana Dato Haji Rashid]","AKAN DITAWARKAN KEPADA FASILITATOR YANG MENDAPAT MARKAH PENILAIAN TERTINGGI",{"$nulls":17},"10 - 11",{"$nulls":8},"05 - 06",{"$nulls":6},"24 - 25",{"$nulls":18},"14 - 15"]
[null,null,"MC",{"$nulls":3},"MC07060","Kemahiran Kesetiausahaan II",null,"PL SURIAH","KL NORHAIDAH",null,1,{"$f":"30","v":30},0,"CONSULTANT",{"$nulls":8},"TIDAK ADA KONSULTAN DIPILIH, RETENDER","TIDAK ADA KONSULTAN DIPILIH, RETENDER","TIDAK ADA KONSULTAN DIPILIH, RETENDER",{"$nulls":17},"12 13",{"$nulls":8},"07",{"$nulls":6},"26",{"$nulls":18},"16"]
[42,null,"MC","KNOWLEDGE","MANAGEMENT","MANAGEMENT","MC07070","Induksi Perkhidmatan Awam","II, III (ES2 & ES3), IV & V","PL SURIAH","KL ARNIE",2,5,{"$f":"140","v":140},280,"PL [Husseini, Norarina, Adyna, Khalilah]\nPPL [Hadini, Madeehah]",{"$nulls":8},"PPL MADEEHAH\nPPL HADINI\nPL HUSSEINI\nPL NORARINA\nPL ADYNA","PPL MADEEHAH\nPPL HADINI\nPL KHALILAH\nPL NORARINA\nPL ADYNA",{"$nulls":13},"13 - 18",{"$nulls":18},"09 - 14"]
[43,null,"MC","KNOWLEDGE","MANAGEMENT","MANAGEMENT","MC07080","Persediaan Persaraan","I - V (ES1 - Bhg V)","PPL HADINI","KL NORHAIDAH",6,5,{"$f":"50","v":50},300,"Komsultan & Agensi Kerajaan",{"$nulls":8},"AGENSI KERAJAAN","AGENSI KERAJAAN","AGENSI KERAJAAN","AGENSI KERAJAAN","AGENSI KERAJAAN","AGENSI KERAJAAN",{"$nulls":8},"06 - 11 ",{"$nulls":6},"18 - 24 \n22",{"$nulls":8},"12 - 17",null,"26 - 31",{"$nulls":3},"23 - 28",null,null,"07 - 12",{"$nulls":9},"09 - 14",{"$nulls":6},"20 - 25",{"$nulls":4},"17 - 22"]
[44,null,"MC","SKILL","PROFESSIONAL","MANAGEMENT","MC07130","Pembantu Pejabat Cemerlang","V dan sebanding dengannya","PPL HADINI","KL NADIA",5,2,{"$f":"30","v":30},150,"PL [Ferzat, Marhayati, Khalilah]\nPPL [Hadini, Madeehah]",{"$nulls":8},"PL FERZAT, MARHAYATI, KHALILAH, PPL HADINI & MADEEHAH","PL FERZAT, MARHAYATI, KHALILAH, PPL HADINI & MADEEHAH","PL FERZAT, MARHAYATI, KHALILAH, PPL HADINI & MADEEHAH","PL FERZAT, MARHAYATI, KHALILAH, PPL HADINI & MADEEHAH","PL FERZAT, MARHAYATI, KHALILAH, PPL HADINI & MADEEHAH",{"$nulls":8},"01 - 02",{"$nulls":9},"03 - 04",{"$nulls":7},"19 - 20",{"$nulls":22},"08 - 09",{"$nulls":10},"10 - 11"]
[45,null,"MC","BEHAVIOUR","MANAGEMENT","MANAGEMENT","MC07140","Menangani Perubahan","II, III (ES2 & ES3) & IV ","PPL ERNA | PPL MADEEHAH","KL NORHAIDAH",4,3,{"$f":"30","v":30},120,"PL[ALI NOOR] | PPL[HADINI]",{"$nulls":8},"PPL HADINI","PPL HADINI","PL ALI NOOR","PL ALI NOOR",{"$nulls":15},"04 - 06",{"$nulls":9},"06 - 08",{"$nulls":15},"12 - 14",{"$nulls":14},"11 - 13"]
[46,null,"MC","SKILL","COMMUNICATION","COMMUNICATION","MP08170","Pemantapan Komunikasi Efektif","III (ES3), IV & V ","PL SURIAH","KL NORHAIDAH",5,3,{"$f":"30","v":30},150,"PL SHAWAL &\nPL SURIAH",{"$nulls":8},"PL SHAWAL\nPL SURIAH","PL SHAWAL\nPL SURIAH","PL HUSSEINI","PL HUSSEINI","PL SHAWAL\nPL SURIAH",{"$nulls":16},"18 - 20",{"$nulls":8},"13 - 15",{"$nulls":7},"01 - 03",{"$nulls":5},"05 - 07",{"$nulls":14},"04 - 06"]
[47,null,"MC","SKILL","COMMUNICATION","COMMUNICATION","MP08180","Menguasai Penyampaian","I, II & III (ES1, ES2 & ES3 (C3)) ","PPL ERNA | PPL MADEEHAH","KL NORHAIDAH",3,4,{"$f":"30","v":30},90,"PL[HUSSEINI]",{"$nulls":8},"PL HUSSEINI","PL HUSSEINI","PL HUSSEINI",{"$nulls":31},"09 - 12",{"$nulls":20},"13 - 16",{"$nulls":3},"03 - 06"]
[48,null,"MC","SKILL","COMMUNICATION","COMMUNICATION","MP08190","Tatacara Persuratan Rasmi","I, II & III (ES1, ES2 & ES3)","PL MARHAYATI","KL NADIA",7,2,{"$f":"30","v":30},210,"PLK SAIFUL | PPL ERNA\nJAIN | DBP",{"$nulls":8},"PLK SAIFUL","PPL ERNA","PLK SAIFUL","PPL ERNA","PLK SAIFUL","PPL ERNA","PLK SAIFUL",{"$nulls":4},"25 & 27",null,null,"09 & 11",{"$nulls":4},"05 - 06",{"$nulls":4},"04 & 06",{"$nulls":4},"07 - 08",{"$nulls":4},"12 & 14","19 & 21",{"$nulls":4},"16 - 17",{"$nulls":6},"27 - 28",{"$nulls":8},"23 & 25"]
[49,null,"MC","SKILL","COMMUNICATION","COMMUNICATION","MP08210","Penyediaan Laporan dan Kertas Kerja","I, II & III (ES1, ES2 & ES3) ","PPL HADINI","KL NORHAIDAH",4,4,{"$f":"30","v":30},120,{"$nulls":9},"PLK MAIMUNAH",{"$nulls":20},"18 - 22",{"$nulls":11},"02 - 05",{"$nulls":6},"14 - 17",{"$nulls":19},"10 - 13"]
[50,null,"MC","SKILL","MANAGEMENT","MANAGEMENT","MP08340","Asas Kemahiran Kaunseling","II, III (ES2 & ES3), IV & V","PPL HADINI","KL ARNIE",3,2,{"$f":"30","v":30},90,"AGENSI KERAJAAN |\nPL [HUSSEINI | SURIAH]",{"$nulls":8},"AGENSI KERAJAAN","PL SURIAH","PL HUSSEINI",{"$nulls":21},"10 - 11",{"$nulls":10},"18 - 19",{"$nulls":24},"12 - 13"]
[51,null,"MC","BEHAVIOUR","COMMUNICATION","COMMUNICATION","MP09240","Kerja Berpasukan","I, II, III (ES1, ES2 & ES3), IV & V","PL HUSSEINI","KL NORHAIDAH",4,3,{"$f":"30","v":30},120,"PL Husseini | PL Ali Noor",{"$nulls":8},"PL Ali Noor","PL HUSSEINI","PL HUSSEINI","PL ALI NOOR",{"$nulls":16},"11 - 13",{"$nulls":12},"03 - 05 ",{"$nulls":13},"26 - 28",{"$nulls":6},"07 - 09"]
[52,null,"MC","SKILL","CUSTOMER SERVICE","CUSTOMER SERVICE","MO10270","Pengurusan Perkhidmatan Berkesan","II & III (ES2 & ES3)","PL HUSSEINI","KL NORHAIDAH",2,3,{"$f":"30","v":30},60,"PL Shawal & PL Suriah",{"$nulls":8},"PL Shawal | PL Suriah","PL Shawal | PL Suriah",{"$nulls":12},"07 - 09",{"$nulls":19},"10 - 12"]
[53,null,"MC","SKILL & BEHAVIOUR","CUSTOMER SERVICE","CUSTOMER SERVICE","MO10280","Perkhidmatan Pelanggan Profesional","IV dan V ","PPL ERNA | PPL MADEEHAH","KL ARNIE",5,3,{"$f":"30","v":30},150,"PL[ALI NOOR] |\nPL [MARHAYATI, NORARINA] & PPL [ERNA]",{"$nulls":8},"PL MARHAYATI, NORARINA & PPL ERNA","PL MARHAYATI, NORARINA & PPL ERNA","PL ALI NOOR","PL MARHAYATI, NORARINA & PPL ERNA","PL ALI NOOR",{"$nulls":10},"14 - 16",{"$nulls":6},"25 - 27","01 - 03",{"$nulls":6},"13 - 15",{"$nulls":7},"01 - 03"]
[54,null,"MC","SKILL","HUMAN RESOURCE","HUMAN RESOURCE","MO11320","Train The Trainer","I, II & III (ES1, ES2 & ES3 (C3))","PPL ERNA | PPL MADEEHAH","KL NORHAIDAH",1,5,{"$f":"30","v":30},30,"PL [AIMI, FERZAT, SURIAH] & PPL [HADINI]",{"$nulls":8},"PL AIMI, FERZAT, SURIAH & PPL HADINI",{"$nulls":47},"02 - 07"]
[55,null,"MC","BEHAVIOUR","HUMAN RESOURCE","HUMAN RESOURCE","MO11330","Change Management","I, II & III (ES1, ES2 & ES3 (C3))","PL HUSSEINI","KL NADIA",2,2,{"$f":"30","v":30},60,"* PIPA UNTUK MENGENDALIKAN\n* CONSULTANT AS A BACKUP",{"$nulls":8},"Nur Judy Abdullah\nAl Majaz training Services","PIPA","# Consultant as a backup",{"$nulls":26},"07 - 08",{"$nulls":7},"30 Sept - 01 Oct",null,"07 - 08",{"$nulls":7},"27 - 28\n25 - 26"]
[56,"CERTIFICATION","MC","SKILL","PROFESSIONAL CERTIFICATION","HUMAN RESOURCE","MC07101 - 1","Bengkel Perkeranian Asas","IV ","PPL MADEEHAH","KL ARNIE",3,5.5,{"$f":"30","v":30},90,"SEAMEO VOCTECH, JKDN,\nPL [FERZAT, MARHAYATI] &PPL [HADINI]",{"$nulls":8},"PL MARHAYATI ","JKDN\nPL FERZAT\nPPL HADINI","PLK SAIFUL","SEAMEO VOCTECH","SEAMEO VOCTECH\nPL FERZAT",{"$nulls":8},"04 - 11",{"$nulls":15},"05 - 12",{"$nulls":13},"02 - 09"]
[null,null,"MC",{"$nulls":3},"MC07111 - 2","Bengkel Pembangunan Diri",null,"PPL MADEEHAH","KL ARNIE",3,3.5,{"$f":"30","v":30},90,"PL HUSSEINI",{"$nulls":8},"PL HUSSEINI","PL HUSSEINI","PL HUSSEINI",{"$nulls":12},"11 - 15","21 - 25",{"$nulls":5},"25 - 29",{"$nulls":4},"29  Jul - 1 Aug",{"$nulls":12},"15 - 19"]
[null,null,"MC",{"$nulls":3},"MC07121 - 3","Bengkel Penggunaan ICT",null,"PPL MADEEHAH","KL ARNIE",5,8,{"$f":"20","v":20},100,"PLK HJH MAIMUNAH & PPL ASDIANAH",{"$nulls":8},"PPL ASDIANAH","PPL ASDIANAH","PPL ASDIANAH","PPL ASDIANAH","PLK HJH MAIMUNAH","PLK HJH MAIMUNAH","PLK HJH MAIMUNAH",{"$nulls":4},"22 Apr - 01 May",{"$nulls":9},"19 - 29",{"$nulls":14},"24 Sept - 05 Oct",{"$nulls":10},"27 Nov - 07 Dec",{"$nulls":10},"01 - 11"]
[{"$nulls":10},{"$f":"SUM(L44:L67)","v":76},{"$nulls":3},{"$f":"SUM(O7:O67)","v":4770}]
[57,null,"IICTC","SKILL",{"$nulls":3},"PROJECT MANAGEMENT PROFESSIONAL (PMP) CERTIFICATION","II & III","PPL AFIQAH","KL HAIROLSAPANDY",1,1,{"$nulls":34},"01 - 06"]
[58,null,"MC",null,"PROFESSIONAL CERTIFICATION",null,null,"CIPD LEVEL 3 FOUNDATION CERTIFICATE IN PEOPLE PRACTICE (FCPP)","I & II","PL HUSSEINI | PPL HADINI","KL NORHAIDAH",1,15]
[59,null,"MC",null,"PROFESSIONAL CERTIFICATION",null,null,"NEBOSH INTERNATIONAL GENERAL CERTIFICATE IN OCCUPATIONAL HEALTH AND SAFETY","II, III & IV","PL HUSSEINI | PPL HADINI","KL NORHAIDAH",1,10]
[60,null,"MC",null,"PROFESSIONAL CERTIFICATION",null,null,"ASSESSOR CAPABILITY DEVELOPMENT","I & II","PL HUSSEINI | PPL HADINI","KL NORHAIDAH",1,5]
[61,null,"MC",null,"PROFESSIONAL CERTIFICATION",null,null,"DEFENSIVE DRIVING","II, III, IV & V","PL HUSSEINI | PPL HADINI","KL NORHAIDAH",2,2]
[62,"FLAGSHIP","GLC",null,"PROFESSIONAL CERTIFICATION",null,null,"EDPSGO","I","PL AQMAL","KL ARNIE",1,98,{"$nulls":47},"23 Sep - 14 Dec"]
[63,null,"GLC",null,"PROFESSIONAL CERTIFICATION",null,null,"EDPMMO","II","PL SHAWAL","KL ARNIE",1,98,{"$nulls":25},"6 May - 27 July"]
[64,null,"GLC",null,"PROFESSIONAL CERTIFICATION",null,null,"YEP","II","PPL ASDIANAH","KL ARNIE",1,84,{"$nulls":30},"3 June-31 August"]
[65,null,"GLC","KNOWLEDGE",{"$nulls":3},"EXECUTIVE REFRESHER COURSE ","SUPERSCALE B - KUMPULAN III","PPL ASDIANAH","KL ARNIE",3,2]
[66,null,"MC","BEHAVIOUR",{"$nulls":3},"PROGRAM JATI DIRI","II","PL HUSSEINI","KL NORHAIDAH",3,4,{"$nulls":30},"03 - 06",{"$nulls":12},"26 - 29",{"$nulls":12},"11 - 14"]
[67,"SIGNATURE",null,"BEHAVIOUR",{"$nulls":3},"RAMADHAN TALK SERIES","II, III & IV","GLC|IICTC|MC",null,1,1]
[68,null,"IICTC","BEHAVIOUR",{"$nulls":3},"TECHNOLOGICAL INNOVATION | ICT BOOTCAMP","I, II & III","PL AIMI & PL AFIQAH","KL HAIROLSAPANDY",1,3,{"$nulls":51},"14 - 16"]
[69,"REGIONAL","GLC","KNOWLEDGE",{"$nulls":3},"2ND ECHELON CIVIL SERVICE EXCHANGE PROGRAM (CSEP)","I","PL SHAWAL","KL ARNIE",1,4]
[70,null,"GLC","KNOWLEDGE",{"$nulls":3},"BRUNEI-MALAYSIA-SINGAPORE LEADERSHIP DEVELOPMENT PROGRAM (LDP)","II (B3)","PL AQMAL","KL ARNIE",1,10]
[71,null,"MC","SKILL",{"$nulls":3},"WORKSHOP ON STRENGTHENING GOVERNMENT STRATEGIES ON MENTAL HEALTH TOWARDS ACHIEVING WORK-LIFE BALANCE (WLB) IN PUBLIC SECTOR","I & II","PL SURIAH","KL NORHAIDAH",1,3]
[72,null,"MC","SKILL",{"$nulls":3},"WORKSHOP ON DEVELOPING FRAMEWORK FOR MEASURING PRODUCTIVITY IN PUBLIC SECTOR","I & II","PL SURIAH","KL NORHAIDAH",1,4]
[73,"TOP-UP","GLC","SKILL",{"$nulls":3},"STRATEGIC FORESIGHT AND STRATEGIC PLANNING MASTERCLASS COURSE","I & II","PPL ASDIANAH","KL ARNIE",1,1]
[74,null,"GLC","BEHAVIOUR",{"$nulls":3},"WOMEN LEADERSHIP FORUM","I & II","PL AQMAL","KL ARNIE",1,1]
[75,null,"GLC","KNOWLEDGE",{"$nulls":3},"ECONOMIC FOR PUBLIC POLICY","I & II","PL SHAWAL","KL ARNIE",1,2]
[76,null,"IICTC","SKILL",{"$nulls":3},"DIGITAL MEDIA PUBLICATION USING ADOBE INDESIGN","I, II & III (ES1, ES2 & ES3) ","PL AIMI","KL HAIROLSAPANDY",1,"TBC"]
[77,null,"IICTC","SKILL",{"$nulls":3},"CREATIVE AUTHORING TOOLS LEVEL 1: PHOTOSHOP","I, II & III (ES1, ES2 & ES3) ","PL AIMI","KL HAIROLSAPANDY",1,"TBC"]
[78,null,"IICTC","SKILL",{"$nulls":3},"CREATIVE AUTHORING TOOLS LEVEL 2: ADOBE ILLUSTRATOR","I, II & III (ES1, ES2 & ES3) ","PL AIMI","KL HAIROLSAPANDY",1,"TBC"]
[79,null,"IICTC","KNOWLEDGE",{"$nulls":3},"INNOVATION THEME","I, II & III (ES1, ES2 & ES3) ","PPL AFIQAH","KL HAIROLSAPANDY",1,"TBC"]
[80,null,"IICTC","KNOWLEDGE",{"$nulls":3},"4TH INDUSTRIAL REVOLUTION THEME","I, II & III (ES1, ES2 & ES3) ","PPL AFIQAH","KL HAIROLSAPANDY",1,"TBC"]
[81,null,"IICTC","KNOWLEDGE",{"$nulls":3},"DIGITAL TRANSFORMATION THEME","I, II & III (ES1, ES2 & ES3) ","PPL AFIQAH","KL HAIROLSAPANDY",1,"TBC"]
[82,null,"MC","SKILL",{"$nulls":3},"POWER OF NEGOTIATION","I","PL HUSSEINI | PPL HADINI","KL NORHAIDAH",1,3]
[83,null,"MC","KNOWLEDGE",{"$nulls":3},"SUCCESSION PLANNING","I","PL HUSSEINI | PPL HADINI","KL NORHAIDAH",1,2]
[84,null,"MC","KNOWLEDGE",{"$nulls":3},"PRODUCTIVITY IMPROVEMENT"," I, II & III (C3) ","PL HUSSEINI | PPL HADINI","KL NORHAIDAH",1,3]
[85,null,"MC","KNOWLEDGE",{"$nulls":3},"CORPORATE COMMUNICATION AND BRANDING"," I, II & III (C3) ","PL HUSSEINI | PPL HADINI","KL NORHAIDAH",1,3]
[86,null,"MC","SKILL",{"$nulls":3},"PENULISAN SIARAN AKBAR KREATIF","II & III","PL HUSSEINI | PPL HADINI","KL NORHAIDAH",1,3]
[87,null,"MC","SKILL",{"$nulls":3},"SPOKEPERSON COURSE","I & II","PL HUSSEINI | PPL HADINI","KL NORHAIDAH",1,2]
[88,null,"MC","BEHAVIOUR",{"$nulls":3},"BREAK THE PATTERN","I, II & III","PL HUSSEINI | PPL HADINI","KL NORHAIDAH",1,3]
[89,null,"MC","SKILL",{"$nulls":3},"STRATEGIC PLANNING","I & II","PL HUSSEINI | PPL HADINI","KL NORHAIDAH",1,3]
[90,null,"MC","SKILL",{"$nulls":3},"BUSINESS ETIQUETTE","II & III","PL HUSSEINI | PPL HADINI","KL NORHAIDAH",1,3]
[{"$nulls":7},"BUSINESS ETIQUETTE",null,null,{"$f":"SUM(L69:L102)","v":39},{"$f":"SUM(L7:L102)","v":183}]
[{"$nulls":11},{"$f":"SUBTOTAL(9,L7:L87)","v":168}]
[{"$nulls":11},{"$f":"SUBTOTAL(9,L17:L93)","v":155}]
[{"$nulls":11},{"$f":"SUBTOTAL(9,L44:L102)","v":115}]
[]
[{"$nulls":7},"Asst T.A - Kekerapan Program","Kluster","Planner","Certification","Flagship | Signature | Regional |TUP","Total","Overall Total"]
[{"$nulls":7},"KL Arnie","GLC",19,null,11,{"$f":"SUBTOTAL(9,J109:L109)","v":30}]
[{"$nulls":7},"KL Arnie","MC",10,11,null,21,{"$f":"M109+M110","v":51}]
[{"$nulls":7},"KL Norhaidah","MC",38,5,14,57,{"$f":"M111","v":57}]
[{"$nulls":7},"KL Hairolsapandy","IICTC",46,1,7,54,{"$f":"M112","v":54}]
[{"$nulls":7},"KL Nadia","MC",17,null,null,17,{"$f":"M113+M114","v":20}]
[{"$nulls":7},"KL Nadia","IICTC",3,null,null,3]
[{"$nulls":9},{"$f":"SUM(J109:J114)","v":133},{"$f":"SUM(K109:K114)","v":17},32,182,{"$f":"SUM(N110:N113)","v":182},{"$f":"N115+1","v":183},"Plus Ramadhan talk Series - 1 Frequency"]
[]
[{"$nulls":7},"T.A",null,"Planner","Certification","Flagship | Signature | Regional |TUP","Total"]
[{"$nulls":7},"PL Ali Noor",null,5,null,2,{"$f":"SUM(J118:L118)","v":7}]
[{"$nulls":7},"PL Khalilah",null,9,null,2,{"$f":"SUM(J119:L119)","v":11}]
[{"$nulls":7},"PL Husseini",null,4,null,1,5]
[{"$nulls":7},"PPL Asdianah",null,1,null,null,1]
[]
[{"$nulls":7},"PL Aimi",null,10,null,3,13]
[{"$nulls":7},"PL Adyna",null,10,null,null,10]
[{"$nulls":7},"PL Norarina",null,11,null,null,11]
[{"$nulls":7},"PL Aza",null,9,null,null,9]
[{"$nulls":7},"PPL Afiqah",null,9,1,5,15]
[]
[{"$nulls":7},"PL Marhayati",null,7,null,null,7]
[{"$nulls":7},"PL Shawal",null,13,null,3,16]
[{"$nulls":7},"PL Suriah",null,16,null,2,18]
[{"$nulls":7},"PPL Erna",null,13,null,null,13]
[{"$nulls":7},"PPL Hadini",null,18,null,null,18]
[{"$nulls":7},"PPL Madeehah",null,1,11,null,12]
[]
[{"$nulls":7},"PL Shawal & PPL Hadini",null,null,5,9,14]
[{"$nulls":7},"PL Aimi & PPL Afiqah",{"$nulls":3},1,1]